Das vereinfachte Jugendverfahren: eine rechtliche und empirische Untersuchung zu seiner Anwendung am Amtsgericht Bremen

Guardado en:  
Detalles Bibliográficos
Autor principal: Minden, Ralf von (Autor)
Tipo de documento: Print Artículo
Lenguaje:Alemán
Publicado: 1988
En: Ein trojanisches Pferd im Rechtsstaat
Año: 1988, Páginas: 40-53
Verificar disponibilidad: HBZ Gateway
Palabras clave:

MARC

LEADER 00000caa a2200000 c 4500
001 1421524260
003 DE-627
005 20220530115109.0
007 tu
008 111013s1988 xx ||||| 00| ||ger c
020 |a 3890852947 
035 |a (DE-627)1421524260 
035 |a (DE-576)351524266 
035 |a (DE-599)BSZ351524266 
040 |a DE-627  |b ger  |c DE-627  |e rakwb 
041 |a ger 
100 1 |a Minden, Ralf von  |e VerfasserIn  |4 aut 
245 1 4 |a Das vereinfachte Jugendverfahren  |b eine rechtliche und empirische Untersuchung zu seiner Anwendung am Amtsgericht Bremen  |c Ralf von Minden 
264 1 |c 1988 
336 |a Text  |b txt  |2 rdacontent 
337 |a ohne Hilfsmittel zu benutzen  |b n  |2 rdamedia 
338 |a Band  |b nc  |2 rdacarrier 
773 0 8 |i In  |t Ein trojanisches Pferd im Rechtsstaat  |d Pfaffenweiler : Centaurus-Verlagsgesellschaft, 1988  |g (1988), Seite 40-53  |h X, 158 S.  |w (DE-627)025640348  |w (DE-576)016532341  |z 3890852947  |7 nnam 
773 1 8 |g year:1988  |g pages:40-53 
951 |a AR 
ELC |b 1 
LOK |0 000 xxxxxcx a22 zn 4500 
LOK |0 001 2692197720 
LOK |0 003 DE-627 
LOK |0 004 1421524260 
LOK |0 005 20260116122951 
LOK |0 008 111013||||||||||||||||ger||||||| 
LOK |0 040   |a DE-21-110  |c DE-627  |d DE-21-110 
LOK |0 689   |a s  |a Vereinfachtes Jugendverfahren 
LOK |0 689   |a s  |a Formloses Erziehungsverfahren 
LOK |0 689   |a s  |a Empirische Untersuchung 
LOK |0 689   |a g  |a Bremen 
LOK |0 852   |a DE-21-110 
LOK |0 852 1  |m p  |9 00 
LOK |0 935   |a k110 
LOK |0 938   |k p 
LOK |0 939   |a 13-10-11  |b l01 
ORI |a SA-MARC-krimdoka001.raw